000 00528nam a2200157 i 4500
001 30563
003 ES-MaACL
005 20230906154220.0
007 t|
008 030124s1955 sp ||||1| spa d
100 1 _aBartina, Sebastián.
_926136
245 1 0 _aVerso y versificación
_b: tratado de métrica castellana con un apéndice complementario de preceptiva /
_cSebastián Bartina.
260 _aBarcelona :
_bDalmau y Jover,
_c1955 (
_fRafael Salvá)
300 _a216 p. ;
_c20 cm.
852 _aES-MaACL
_jC-11796
_bR.39191
999 _c30563
_d30563